Ya sembró girasol o soja?.

Guardado en:
Formato: Libro
Idioma:Spanish
Publicado: [Buenos Aires : Ishihara Argentina, Departamento Técnico], 1986?
Etiquetas: Agregar Etiqueta
Sin Etiquetas, Sea el primero en etiquetar este registro!
LEADER 00418nam a22001335a 4500
001 EEA.libagro005369
005 20180704114731.0
008 130809s1986####ag#a##########000#0#spa#d
082 0 4 |a 633.85 
082 0 4 |a 633.34 
245 1 0 |a Ya sembró girasol o soja?. 
260 |a [Buenos Aires :  |b Ishihara Argentina, Departamento Técnico],  |c 1986? 
300 |a [16] p. :  |b il. ;  |c 22 cm. 
859 |a AR-BbBCA  |b BIB. AGRONOMIA  |h 633.85  |i I79  |p 1996/2666